Cambridge international AS and A level physics coursebook / (Record no. 534962)

000 -LEADER
fixed length control field 01290cam a2200373 i 4500
001 - CONTROL NUMBER
control field 18543346
003 - CONTROL NUMBER IDENTIFIER
control field NUST
005 - DATE AND TIME OF LATEST TRANSACTION
control field 20200824140708.0
008 - FIXED-LENGTH DATA ELEMENTS--GENERAL INFORMATION
fixed length control field 150326s2014 enka 001 0 eng
010 ## - LIBRARY OF CONGRESS CONTROL NUMBER
LC control number 2014415557
020 ## - INTERNATIONAL STANDARD BOOK NUMBER
International Standard Book Number 9781107697690 (paperback with CDROM for Windows and MAC)
038 ## - RECORD CONTENT LICENSOR
Staff Name AZHAR
040 ## - CATALOGING SOURCE
Original cataloging agency DLC
Language of cataloging eng
Transcribing agency DLC
Description conventions rda
042 ## - AUTHENTICATION CODE
Authentication code pcc
050 00 - LIBRARY OF CONGRESS CALL NUMBER
Classification number QC31
Item number .C33 2014
082 ## - DEWEY DECIMAL CLASSIFICATION NUMBER
Classification number 530
Author Mark SAN
245 00 - TITLE STATEMENT
Title Cambridge international AS and A level physics coursebook /
Statement of responsibility, etc. David Sang [and three others].
246 30 - VARYING FORM OF TITLE
Title proper/short title Physics
250 ## - EDITION STATEMENT
Edition statement Second edition.
264 #1 - PRODUCTION, PUBLICATION, DISTRIBUTION, MANUFACTURE, AND COPYRIGHT NOTICE
Place of production, publication, distribution, manufacture Cambridge, United Kingdom :
Name of producer, publisher, distributor, manufacturer Cambridge University Press,
Date of production, publication, distribution, manufacture, or copyright notice [2014]
300 ## - PHYSICAL DESCRIPTION
Extent ix, 565 pages :
Other physical details illustrations (some color) ;
Dimensions 28 cm +
Accompanying material 1 CD-ROM (4 3/4 in.)
336 ## - CONTENT TYPE
Materials specified book
Content type term text
Source rdacontent
336 ## - CONTENT TYPE
Materials specified CD-ROM
Content type term text
Source rdacontent
337 ## - MEDIA TYPE
Materials specified book
Media type term unmediated
Source rdamedia
337 ## - MEDIA TYPE
Materials specified CD-ROM
Media type term computer
Source rdamedia
338 ## - CARRIER TYPE
Materials specified book
Carrier type term volume
Source rdacarrier
338 ## - CARRIER TYPE
Materials specified CD-ROM
Carrier type term computer disc
Source rdacarrier
500 ## - GENERAL NOTE
General note Includes index.
650 #0 - SUBJECT ADDED ENTRY--TOPICAL TERM
Topical term or geographic name entry element Physics.
9 (RLIN) 190
700 1# - ADDED ENTRY--PERSONAL NAME
Personal name Sang, David,
Relator term author.
9 (RLIN) 29419
906 ## - LOCAL DATA ELEMENT F, LDF (RLIN)
a 7
b cbc
c origcop
d 2
e ncip
f 20
g y-gencatlg
942 ## - ADDED ENTRY ELEMENTS (KOHA)
Source of classification or shelving scheme
Koha item type Book
Holdings
Withdrawn status Lost status Source of classification or shelving scheme Damaged status Not for loan Permanent Location Current Location Shelving location Date acquired Source of acquisition Total Checkouts Full call number Barcode Date last seen Price effective from Koha item type
          Central Library (CL) Central Library (CL) General Stacks 08/24/2020 Donation   530 SAN CL-D-949 09/08/2020 08/25/2020 Book
© 2023 Central Library, National University of Sciences and Technology. All Rights Reserved.